El pensamiento griego y los orígenes del espíritu científico
保存先:
| 第一著者: | |
|---|---|
| フォーマット: | 図書 |
| 言語: | スペイン語 |
| 出版事項: |
Ciudad de México
UTEHA
1956
|
| シリーズ: | La Evolución de la Humanidad. Síntesis Colectiva, 14
|
| 主題: | |
| タグ: |
タグ追加
タグなし, このレコードへの初めてのタグを付けませんか!
|
MARC
| LEADER | 00000nam a2200000 a 4500 | ||
|---|---|---|---|
| 001 | UCP5332 | ||
| 003 | CL-VaPUC | ||
| 008 | 990903e19560000MX |||||||||||||||||spa|d | ||
| 082 | 0 | 4 | |a 182 |b ROB |2 21 |
| 100 | 0 | |a Robin, León |e author |9 433667 | |
| 245 | 1 | 3 | |a El pensamiento griego y los orígenes del espíritu científico |
| 300 | |a 404 p | ||
| 942 | |c BK | ||
| 945 | |d 19990903 00:00:00 |a lriquelm | ||
| 260 | |a Ciudad de México |b UTEHA |c 1956 | ||
| 600 | 0 | |a Sócrates |9 266368 | |
| 600 | 0 | 7 | |a PLATON |2 CL-VaPUC |9 222 |
| 600 | 0 | |a Aristóteles, |d 384 a.C.- 322 a.C. |9 194 | |
| 650 | 0 | |a Filosofía griega |9 265579 | |
| 650 | 0 | |a Escuelas filosóficas |9 266232 | |
| 650 | 0 | |a Filosofía de las ciencias |9 256466 | |
| 650 | 0 | |a Teoría del conocimiento |9 255038 | |
| 650 | 7 | |a ECLECTICISMO |2 CL-VaPUC |9 348248 | |
| 583 | |a last modification |c 20180328 10:25:25 |k Rodrigo Vera | ||
| 490 | 0 | |a La Evolución de la Humanidad. Síntesis Colectiva, 14 | |
| 999 | |c 283099 |d 283097 | ||
| 952 | |0 0 |1 0 |4 0 |6 182_000000000000000_ROB_1956 |7 0 |8 A |9 325875 |a BIBHIS |b BIBHIS |d 2019-11-20 |i 1369237 |o 182 ROB 1956 |p 1369237 |r 2025-01-20 |w 2019-11-20 |y BK |k HIS | ||